00778nam a2200181 a 4500001001000000003000400010005001700014008004100031040002500072082002000097100002900117245021700146260007400363300003500437500001600472504002900488651007900517000029892OSt20201006155413.0110426s1954 dr ac 000 0 spa d aDO-SdBNPbspacBNPHU a327.7293bB483a1 aBeras, Francisco Elpidio10aLa autodeterminación del pueblo dominicano, extremo irreductible de la política exterior de Trujillo :bconferencia pronunciada en el auditórium de palacio del Partido Dominicano /cFrancisco Elpidio Beras. aCiudad Trujillo, República Dominicana :bEditora del Caribe,c1954. a20 p. :bil., retrs. ;c24 cm. a"Separata." aBibliografía : p. [21] 4aRepública DominicanaxRelaciones exterioresvEnsayos, conferencias, etc.